| 000 | 00909nam a2200229 a 4500 | ||
|---|---|---|---|
| 001 | 54562 | ||
| 003 | BD-RjUL | ||
| 005 | 20211209080135.0 | ||
| 008 | 161107s1959 ii ||||| |||| 00| 0 ben d | ||
| 035 | _a(BD-RjUL)54684 | ||
| 040 |
_aBD-RjUL _bben _cBD-RjUL _dBD-RjUL |
||
| 041 | _aben | ||
| 082 |
_223 _a891.44109 _bSAC 1959 |
||
| 100 |
_aসাহানা, সত্যকিস্কর _9162753 |
||
| 245 | 1 | 0 |
_aচন্ডীদাস-প্রসঙ্গ / _cসত্যকিস্কর সাহানা, |
| 250 | _a১ম সং. | ||
| 260 |
_aকলিকাতা : _bজিজ্ঞাসা, _c১৯৫৯ (১৩৬৬). |
||
| 300 |
_a[১৪], ৯৮ পৃ. : _bচিত্র ; _c১৭ সেমি. |
||
| 650 |
_aবাংলা কবিতা _vইতিহাস ও সমালোচনা _9117724 |
||
| 650 |
_aBengali Poetry _vHistory and Criticism _9117725 |
||
| 942 |
_2ddc _cBK |
||
| 999 |
_c54562 _d54562 |
||